[Event "Ogolnopolska Olimpiada Mlodziezy w Sportach Umyslowych - D14"]
[Site "Walbrzych, Zamek Ksiaz"]
[Date "2013-04-17"]
[Round "2.4"]
[White "Kozubal, Aleksandra"]
[Black "Kaniewska, Emilia"]
[Result "1-0"]
[WhiteTitle "I"]
[BlackTitle "I"]
[WhiteElo "1477"]
[BlackElo "1677"]

1. e4 c5 2. c3 d5 3. e5 e6 4. d4 Nc6 5. Ne2 cxd4 6. cxd4 Bb4+ 7. Bd2 Bxd2+ 8. Qxd2
Nge7 9. Nbc3 O-O 10. g3 Nf5 11. Bh3 f6 12. f4 fxe5 13. fxe5 b6 14. O-O Ba6 15.
Rf2 Qd7 16. Bxf5 exf5 17. Nf4 Ne7 18. Re1 Bb7 19. a4 Bc6 20. b3 a6 21. Rc1 a5
22. Rcf1 Rab8 23. Nd1 Rbc8 24. Ne3 g6 25. Nd3 Bb7 26. Re1 Ba6 27. Nf4 Rc7 28.
Rc1 Rfc8 29. Rxc7 Rxc7 30. Qb2 Qc8 31. h4 Bb7 32. b4 Rc3 33. Re2 Ba6 34. Nfxd5
Nxd5 35. Nxd5 Rc1+ 36. Kf2 Qc4 37. Nf6+ Kh8 38. b5 Bb7 39. e6 Rc3 40. Qd2 Rf3+
41. Ke1 Qb3 42. Qb2 Qd3 43. e7 Rf1+ 44. Kxf1 Qf3+ 45. Ke1 Qxg3+ 46. Rf2 Qe3+ 47.
Qe2 Qc1+ 48. Qd1 Qe3+ 49. Kf1 Qh3+ 50. Ke2 1-0

[Event "Ogolnopolska Olimpiada Mlodziezy w Sportach Umyslowych - D14"]
[Site "Walbrzych, Zamek Ksiaz"]
[Date "2013-04-17"]
[Round "2.5"]
[White "Konopacka, Martyna"]
[Black "Topolan, Agata"]
[Result "0-1"]
[WhiteTitle "I"]
[BlackTitle "II+"]
[WhiteElo "1674"]
[BlackElo "1449"]

1. e4 c6 2. d4 d5 3. exd5 cxd5 4. Bd3 Nc6 5. Nf3 Bg4 6. c3 Nf6 7. h3 Bh5 8. Bf4
e6 9. Nbd2 Bd6 10. Bxd6 Qxd6 11. Qe2 O-O 12. g4 Bg6 13. Bb5 Ne4 14. Bxc6 bxc6
15. Ne5 Nxd2 16. Qxd2 c5 17. Qf4 Qb6 18. Qd2 Qd6 19. O-O f6 20. Nxg6 hxg6 21.
dxc5 Qxc5 22. Rae1 e5 23. g5 Kh7 24. gxf6 gxf6 25. Kh2 Rh8 26. Rg1 Kg7 27. Qe3
Qd6 28. Qg3 Rh6 29. Re3 Rah8 30. Qg4 e4+ 31. Kg2 f5 32. Qd1 Qe6 33. Qd4+ Kg8 34.
Qxa7 f4 35. Qb8+ Kg7 36. Qxf4 Rxh3 37. Qc7+ Kg8 38. Qb8+ Kg7 39. Qa7+ Kg8 40.
Kf1 Rh1 41. Reg3 Rxg1+ 42. Kxg1 Qf5 43. Qb8+ Kg7 44. Qc7+ Kg8 45. Qd8+ Kg7 46.
Qe7+ Kg8 47. Qg5 Kf7 48. Rg4 Rh5 49. Qf4 Ke6 50. b4 Qxf4 51. Rxf4 Rh3 52. Rg4
Rxc3 53. Rxg6+ Kf5 54. Rg3 d4 55. b5 d3 56. b6 Rc1+ 57. Kh2 d2 58. b7 d1=Q 0-1

[Event "Ogolnopolska Olimpiada Mlodziezy w Sportach Umyslowych - D14"]
[Site "Walbrzych, Zamek Ksiaz"]
[Date "2013-04-17"]
[Round "2.6"]
[White "Tkaczyk, Weronika"]
[Black "Olechnicka, Karolina"]
[Result "0-1"]
[WhiteTitle "II"]
[BlackTitle "I"]
[WhiteElo "1390"]
[BlackElo "1665"]

1. e4 c5 2. Nf3 d6 3. d4 cxd4 4. Nxd4 Nf6 5. Nc3 a6 6. Be2 b5 7. a3 e6 8. Bg5 Be7
9. O-O Nxe4 10. Bxe7 Nxc3 11. Bxd8 Nxd1 12. Raxd1 Kxd8 13. Rfe1 Bb7 14. Bf3 Bxf3
15. Nxf3 Ke7 16. Rd2 Nc6 17. Red1 Rhd8 18. Ng5 h6 19. Ne4 d5 20. Nc5 Ne5 21. Re2
Nc4 22. c3 Rdc8 23. Rxd5 Nxb2 24. Rd7+ Ke8 25. Rxb2 Rxc5 26. Rd3 Rac8 27. Rb3
a5 28. h3 a4 29. Rb4 Rxc3 30. Rxc3 Rxc3 31. Rxb5 Rxa3 32. Rb7 Ra1+ 33. Kh2 a3
34. Ra7 a2 35. Kg3 g6 36. Kf3 Kf8 37. Ke2 Rg1 38. Rxa2 Rxg2 39. Kf3 Rg1 40. Kf4
Kg7 41. f3 g5+ 42. Ke5 Rg3 43. Rf2 Rxh3 44. Rf1 h5 45. Rg1 f6+ 46. Ke4 Kg6 47.
Rg2 f5+ 48. Ke3 g4 49. Kf2 Rxf3+ 50. Kg1 h4 51. Kh2 e5 52. Rg1 g3+ 53. Kh3 Kg5
54. Kg2 Rf2+ 55. Kh3 Rh2+ 0-1

[Event "Ogolnopolska Olimpiada Mlodziezy w Sportach Umyslowych - D14"]
[Site "Walbrzych, Zamek Ksiaz"]
[Date "2013-04-17"]
[Round "2.7"]
[White "Murawko, Julia"]
[Black "Zalewska, Katarzyna"]
[Result "1-0"]
[WhiteTitle "I"]
[BlackTitle "II"]
[WhiteElo "1651"]
[BlackElo "1373"]

1. e4 e5 2. Nf3 Nc6 3. Bb5 Bc5 4. c3 d6 5. h3 Nf6 6. Qe2 Bd7 7. O-O a6 8. Ba4 b5
9. Bc2 O-O 10. Rd1 Nh5 11. d4 exd4 12. cxd4 Bb6 13. Nc3 Ne7 14. Ng5 Nf6 15. e5
Nfd5 16. Bxh7+ Kh8 17. Qh5 1-0

[Event "Ogolnopolska Olimpiada Mlodziezy w Sportach Umyslowych - D14"]
[Site "Walbrzych, Zamek Ksiaz"]
[Date "2013-04-17"]
[Round "2.8"]
[White "Koperska, Nina"]
[Black "Parol, Pola"]
[Result "0-1"]
[WhiteTitle "II"]
[BlackTitle "I"]
[WhiteElo "1388"]
[BlackElo "1638"]

1. e4 c6 2. d4 d5 3. exd5 cxd5 4. Bd3 Nc6 5. c3 Nf6 6. Bf4 Bg4 7. Qb3 Qc8 8. Nd2
e6 9. Ngf3 Be7 10. O-O O-O 11. Rfe1 a6 12. Qc2 Bh5 13. Ne5 Bg6 14. Bxg6 hxg6 15.
Ndf3 b5 16. Qd3 Nd7 17. Bg5 Ncxe5 18. dxe5 Bc5 19. Bd2 Qc7 20. Ng5 Be7 21. Nf3
Rfc8 22. Bg5 Bc5 23. b4 Bf8 24. Bd2 Nb6 25. Qd4 Qb7 26. Qh4 Rc4 27. Qh3 Be7 28.
Ng5 Bxg5 29. Bxg5 Rac8 30. Rac1 Qc7 31. Bd2 Na4 32. Re3 d4 33. Rf3 dxc3 34. Bf4
Rxb4 35. Qh4 Qd8 36. Qxd8+ Rxd8 37. Bg5 Rd5 38. Be7 Rbd4 39. Rf1 c2 0-1

[Event "Ogolnopolska Olimpiada Mlodziezy w Sportach Umyslowych - D14"]
[Site "Walbrzych, Zamek Ksiaz"]
[Date "2013-04-17"]
[Round "2.9"]
[White "Mazgaj, Zuzanna"]
[Black "Karleszko, Karolina"]
[Result "0-1"]
[WhiteTitle "II"]
[BlackTitle "I"]
[WhiteElo "1371"]
[BlackElo "1622"]

1. c4 c6 2. d4 d5 3. Nc3 Nf6 4. Bg5 e6 5. Nf3 Nbd7 6. a3 Bd6 7. e4 Be7 8. e5 Ng4
9. Bxe7 Qxe7 10. c5 O-O 11. Bd3 b6 12. b4 bxc5 13. bxc5 Nxc5 14. dxc5 Nxf2 15.
Kxf2 Qxc5+ 16. Ke2 Qxc3 17. Qc2 Qxc2+ 18. Bxc2 c5 19. Rab1 a5 20. Kd2 Ba6 21.
Rb6 Rfc8 22. Rhb1 h6 23. Rd6 Kf8 24. Ba4 Rc7 25. Bb5 Bxb5 26. Rxb5 Ke7 27. Rdb6
Raa7 28. a4 g5 29. Kc2 f5 30. Rb8 Kf7 31. Nd2 c4 32. Nf3 c3 33. R8b6 Rc4 34. Rb7+
Rxb7 35. Rxb7+ Ke8 36. Rh7 d4 37. Rxh6 d3+ 38. Kc1 Rxa4 39. Rxe6+ Kf8 40. Rb6
Ra1+ 41. Rb1 d2+ 0-1

[Event "Ogolnopolska Olimpiada Mlodziezy w Sportach Umyslowych - D14"]
[Site "Walbrzych, Zamek Ksiaz"]
[Date "2013-04-17"]
[Round "2.10"]
[White "Daliga, Anita"]
[Black "Posuniak, Weronika"]
[Result "1/2-1/2"]
[WhiteTitle "II"]
[BlackTitle "I"]
[WhiteElo "1347"]
[BlackElo "1540"]

1. e4 e6 2. d4 d5 3. exd5 exd5 4. Bd3 Nc6 5. Ne2 Bd6 6. c3 Bg4 7. f3 Be6 8. Nf4
Qf6 9. Nxe6 Qh4+ 10. Kd2 fxe6 11. Qe1 Qxe1+ 12. Rxe1 Kd7 13. g3 Nge7 14. Kc2 e5
15. dxe5 Nxe5 16. Be2 h5 17. Bg5 Rae8 18. Nd2 Nf7 19. Bxe7 Rxe7 20. Bd3 c6 21.
f4 h4 22. Nf3 hxg3 23. hxg3 Rxe1 24. Rxe1 Bc5 25. Ne5+ Nxe5 26. Rxe5 Be7 27. g4
Rh4 28. Be2 Rh2 29. Kd3 Rf2 30. f5 Rh2 31. Re6 Bf6 32. Re3 Bg5 33. Re6 Rh6 34.
Rxh6 Bxh6 35. c4 Kd6 36. cxd5 Kxd5 37. b3 Bg5 38. Bd1 Kc5 39. Kc3 Bf6+ 40. Kc2
Kb4 41. a4 Bg5 1/2-1/2

[Event "Ogolnopolska Olimpiada Mlodziezy w Sportach Umyslowych - D14"]
[Site "Walbrzych, Zamek Ksiaz"]
[Date "2013-04-17"]
[Round "2.11"]
[White "Dwilewicz, Katarzyna"]
[Black "Popiel, Natalia"]
[Result "1-0"]
[WhiteTitle "I"]
[BlackTitle "II"]
[WhiteElo "1635"]
[BlackElo "1316"]

1. e4 e5 2. Nf3 Nc6 3. Bb5 a6 4. Ba4 d6 5. h3 Nf6 6. Nc3 Be7 7. Bxc6+ bxc6 8. O-O
O-O 9. d4 exd4 10. Nxd4 Bb7 11. Re1 Re8 12. Qf3 h6 13. Nf5 Bf8 14. Bf4 c5 15.
Rad1 Nd7 16. Qg4 Kh8 17. Re3 Ne5 18. Bxe5 Rxe5 19. Rg3 g6 20. f4 Re8 21. Nh4 Qf6
22. f5 g5 23. Nf3 Bg7 24. Kf2 Re7 25. Re1 Rae8 26. Re3 Kh7 27. a3 Bc6 28. Qh5
Kg8 29. Rg4 Bb7 30. h4 gxh4 31. Nxh4 Kh8 32. Nf3 Rg8 33. Rh4 Bf8 34. g4 Qg7 35.
g5 f6 36. g6 Re8 37. Nh2 Bc6 38. Reh3 Re7 39. Qxh6+ Qxh6 40. Rxh6+ Bxh6 41. Rxh6+
Kg7 42. Ng4 Rh8 43. Rxh8 Kxh8 44. Nxf6 Kg7 45. Nh5+ Kg8 46. Kf3 Re5 47. Kf4 Bb7
48. Nf6+ Kg7 49. Nd7 Re8 50. Kg5 Bxe4 51. f6+ Kh8 52. f7 Bxg6 53. Kxg6 Rd8 54.
f8=Q+ Rxf8 55. Nxf8 1-0

[Event "Ogolnopolska Olimpiada Mlodziezy w Sportach Umyslowych - D14"]
[Site "Walbrzych, Zamek Ksiaz"]
[Date "2013-04-17"]
[Round "2.12"]
[White "Skorupa, Oliwia"]
[Black "Jurkiewicz, Zuzanna"]
[Result "0-1"]
[WhiteTitle "II+"]
[BlackTitle "II+"]
[WhiteElo "1510"]
[BlackElo "1383"]

1. e4 e5 2. Nf3 Nc6 3. Bc4 Bc5 4. O-O d6 5. Nc3 Bg4 6. d3 Nd4 7. Be3 Nxf3+ 8. gxf3
Bh3 9. Re1 Bxe3 10. Ne2 Qg5+ 11. Ng3 Bf4 12. d4 Nf6 13. Bf1 Bxf1 14. Kxf1 h5 15.
d5 h4 16. Nf5 Bxh2 17. c3 g6 18. Ne3 h3 19. Ng4 Nxg4 20. fxg4 Rh4 21. Qf3 Qxg4
22. Qd3 Qg2+ 23. Ke2 Rxe4+ 24. Kd1 Rxe1+ 25. Kxe1 Qg1+ 26. Qf1 Qxf1+ 27. Kxf1
O-O-O 28. Ke2 Bf4 29. Rh1 h2 30. f3 g5 31. Kf2 f5 32. Kf1 g4 33. fxg4 fxg4 34.
Kg2 g3 35. Rf1 Rh8 36. Kh1 Be3 37. c4 Bg1 38. Rxg1 hxg1=Q+ 39. Kxg1 Rh2 0-1

[Event "Ogolnopolska Olimpiada Mlodziezy w Sportach Umyslowych - D14"]
[Site "Walbrzych, Zamek Ksiaz"]
[Date "2013-04-17"]
[Round "2.13"]
[White "Kubicka, Anna"]
[Black "Kruszewska, Justyna"]
[Result "1-0"]
[WhiteTitle "I+"]
[BlackTitle "II"]
[WhiteElo "1686"]
[BlackElo "1350"]

1. b3 e5 2. Bb2 Nc6 3. e3 d5 4. Bb5 Bd6 5. Ne2 Bd7 6. O-O Nf6 7. f4 Qe7 8. Bxc6
Bxc6 9. Ng3 Bd7 10. Nh5 Nxh5 11. Qxh5 g6 12. Qh6 f6 13. Qh4 O-O-O 14. fxe5 g5
15. exd6 gxh4 16. dxe7 Rde8 17. Bxf6 Rhg8 18. Bxh4 1-0

[Event "Ogolnopolska Olimpiada Mlodziezy w Sportach Umyslowych - D14"]
[Site "Walbrzych, Zamek Ksiaz"]
[Date "2013-04-17"]
[Round "2.14"]
[White "Stebel, Agata"]
[Black "Wierzbowska, Aleksandra"]
[Result "1-0"]
[WhiteTitle "I"]
[BlackTitle "II+"]
[WhiteElo "1665"]
[BlackElo "1405"]

1. d4 d5 2. c4 e6 3. Nc3 Nf6 4. Bg5 Be7 5. Nf3 O-O 6. e3 h6 7. Bh4 Nbd7 8. Bd3
dxc4 9. Bxc4 c6 10. O-O Nd5 11. Bg3 Nxc3 12. bxc3 Nb6 13. Bd3 f5 14. Ne5 Rf6 15.
f4 Kh7 16. e4 g6 17. Re1 c5 18. exf5 exf5 19. Bf2 cxd4 20. Bxd4 Nd5 21. Qf3 Re6
22. Bc4 Nb4 23. Rac1 Nxa2 24. Bxa2 Ra6 25. Bc4 Ra4 26. Qg3 g5 27. fxg5 Bxg5 28.
Nf7 f4 29. Qd3+ Kg8 30. Qg6+ Kf8 31. Nxd8 Be6 32. Qg7+ Ke8 33. Rxe6+ Kxd8 34.
Bb5 Be7 35. Qxe7+ Kc8 36. Qd7+ Kb8 37. Re8+ 1-0

[Event "Ogolnopolska Olimpiada Mlodziezy w Sportach Umyslowych - D14"]
[Site "Walbrzych, Zamek Ksiaz"]
[Date "2013-04-17"]
[Round "2.15"]
[White "Malinowska, Monika"]
[Black "Glapa, Anna"]
[Result "0-1"]
[WhiteTitle "II+"]
[BlackTitle "I++"]
[WhiteElo "1399"]
[BlackElo "1660"]

1. d4 d5 2. c4 e6 3. Nc3 c6 4. Nf3 dxc4 5. e3 b5 6. Bd2 Nf6 7. Ne5 Bb7 8. Be2 Bd6
9. f4 Nbd7 10. O-O O-O 11. Bf3 Qc7 12. Rc1 Nb6 13. b3 b4 14. Ne4 Nxe4 15. Bxe4
c3 16. Be1 c5 17. Bxb7 Qxb7 18. Bf2 Rad8 19. Qc2 Nd5 20. Nc4 cxd4 21. Nxd6 Rxd6
22. exd4 Qb5 23. Qe4 Rfd8 24. Rfd1 Nf6 25. Qf3 Qd5 26. Qd3 Ng4 27. Be3 Nxe3 28.
Qxe3 Qf5 29. Qf3 h6 30. Qe3 Qf6 31. d5 Rxd5 32. Rxd5 Rxd5 33. Qf3 Qd4+ 34. Qf2
Qxf2+ 35. Kxf2 Rd2+ 36. Kf3 Rxa2 0-1

[Event "Ogolnopolska Olimpiada Mlodziezy w Sportach Umyslowych - D14"]
[Site "Walbrzych, Zamek Ksiaz"]
[Date "2013-04-17"]
[Round "2.16"]
[White "Socko, Weronika"]
[Black "Wojcik, Jagoda"]
[Result "1-0"]
[WhiteTitle "II"]
[BlackTitle "II"]
[WhiteElo "1584"]
[BlackElo "1388"]

1. d4 d5 2. c4 e6 3. Nc3 c6 4. e3 Nf6 5. Nf3 Nbd7 6. Bd2 Be7 7. Be2 dxc4 8. Bxc4
b5 9. Bd3 Bb7 10. O-O a6 11. Rc1 c5 12. dxc5 Nxc5 13. Be2 O-O 14. Nd4 Qd7 15.
Bf3 Bxf3 16. Nxf3 Nd3 17. Rb1 Rfe8 18. Qc2 Rac8 19. Qd1 b4 20. Ne2 Ne4 21. Ned4
e5 22. Nb3 Qc6 23. Ne1 Qb5 24. Qe2 Nxe1 25. Qxb5 axb5 26. Bxe1 Rc2 27. f3 Nf6
28. Rf2 Rec8 29. Rd1 Rxf2 30. Bxf2 Rc2 31. Rd2 Rc6 32. e4 Kf8 33. Kf1 Ra6 34.
Bg3 Bd6 35. Nc1 Ke7 36. Rc2 Kd7 37. b3 Nh5 38. Be1 Nf4 39. g3 Ne6 40. Nd3 Nd4
41. Rf2 Nc6 42. Rd2 Ke7 43. Bf2 Ra8 44. Nc1 Rd8 45. Rd5 Rb8 46. Bc5 Bxc5 47. Rxc5
Kd6 48. Rd5+ Ke6 49. Nd3 Nd4 50. Nxe5 Nf5 51. Ng4 Nd6 52. Rd4 Ra8 53. Rd2 Rc8
54. Ne3 Rc3 55. Kf2 f5 56. exf5+ Nxf5 57. Nd5 Ke5 58. Nxc3 bxc3 59. Rc2 Kd4 60.
Ke2 b4 61. Rc1 Kc5 62. Kd3 Nd4 63. f4 Nf3 64. h3 Nd4 65. Re1 Nc6 66. Re4 Kd5 67.
g4 Kc5 68. Rc4+ Kb5 69. Re4 Kc5 70. h4 Kd5 71. h5 g6 72. hxg6 hxg6 73. Re1 g5
74. fxg5 Ne5+ 75. Kc2 Nf3 76. Rf1 1-0

[Event "Ogolnopolska Olimpiada Mlodziezy w Sportach Umyslowych - D14"]
[Site "Walbrzych, Zamek Ksiaz"]
[Date "2013-04-17"]
[Round "2.17"]
[White "Cieslak, Wiktoria"]
[Black "Humin, Julia"]
[Result "1-0"]
[WhiteTitle "I"]
[BlackTitle "II+"]
[WhiteElo "1532"]
[BlackElo "1386"]

1. e4 c5 2. Nf3 Nc6 3. d4 cxd4 4. Nxd4 Nf6 5. Nc3 e5 6. Ndb5 d6 7. Bg5 a6 8. Na3
b5 9. Nd5 Be7 10. Bxf6 Bxf6 11. c3 Ne7 12. Nc2 Nxd5 13. Qxd5 Rb8 14. O-O-O Rb6
15. Kb1 Be6 16. Qd2 Bg5 17. Qe2 O-O 18. h4 Bh6 19. Ne3 Bxe3 20. Qxe3 f5 21. Bd3
f4 22. Qe2 Qf6 23. f3 Rc6 24. Qd2 Qf7 25. b3 Rd8 26. Kb2 Rc5 27. g4 fxg3 28. Qg5
Rdc8 29. Qxg3 Rxc3 30. Bb1 Rxf3 31. Qg5 Qc7 32. Rc1 Rc3 33. Rcg1 Rh3 34. Rxh3
Bxh3 35. Qd2 Be6 36. h5 Qc5 37. Rg3 Rf8 38. Bc2 Qf2 39. Qd3 Rd8 40. h6 g6 41.
Rf3 Qh4 42. Qe3 Qe7 43. Qb6 d5 44. exd5 Bxd5 45. Rc3 Qd6 46. Qa7 Rd7 47. Rc8+
Kf7 48. Qf2+ Ke6 49. Rf8 Qe7 50. Bxg6 hxg6 51. h7 Qg7 52. h8=Q Qxh8 53. Rxh8 Rf7
54. Re8+ Kd7 55. Qd2 Kxe8 56. Qxd5 Re7 57. Qg8+ Kd7 58. Qxg6 Re6 59. Qe4 Ke7 60.
Kc3 Kf6 61. Kd3 Ke7 62. Qb7+ Kf6 63. Ke4 Rd6 64. Qc7 Re6 65. Qd8+ Kg6 66. Qf8
Rf6 67. Qg8+ Kh5 68. Kxe5 Rg6 69. Qf7 Kg5 70. Qf4+ Kh5 71. Kf5 b4 72. Qh2# 1-0

[Event "Ogolnopolska Olimpiada Mlodziezy w Sportach Umyslowych - D14"]
[Site "Walbrzych, Zamek Ksiaz"]
[Date "2013-04-17"]
[Round "2.18"]
[White "Godek, Martyna"]
[Black "Kalinowska, Karolina"]
[Result "0-1"]
[WhiteTitle "II"]
[BlackTitle "I"]
[WhiteElo "1378"]
[BlackElo "1504"]

1. e4 e6 2. d4 d5 3. e5 c5 4. c3 Nc6 5. f4 Bd7 6. g3 Qb6 7. Nf3 cxd4 8. cxd4 Bb4+
9. Nc3 Nge7 10. a3 Bxc3+ 11. bxc3 Nf5 12. g4 Nfe7 13. Qd3 Na5 14. Rb1 Qc7 15.
Nd2 Rc8 16. Bb2 O-O 17. Be2 f6 18. O-O Be8 19. Qh3 fxe5 20. fxe5 Bg6 21. Bd3 Bxd3
22. Qxd3 Ng6 23. Qg3 Nc4 24. Nxc4 Qxc4 25. h4 Rxf1+ 26. Rxf1 Rf8 27. Rxf8+ Nxf8
28. g5 Qe2 29. Qf2 Qg4+ 30. Kh2 Ng6 31. Qg3 Qxh4+ 32. Qxh4 Nxh4 33. Kg3 Nf5+ 34.
Kf4 Kf7 35. a4 Kg6 36. Bc1 Ne7 37. Ba3 Nc6 38. Bb4 Nxb4 39. cxb4 Kh5 40. b5 b6
41. Ke3 Kxg5 42. Kd3 h5 43. Kc3 h4 44. a5 h3 45. axb6 axb6 46. Kb4 h2 47. Kc3
h1=Q 0-1

[Event "Ogolnopolska Olimpiada Mlodziezy w Sportach Umyslowych - D14"]
[Site "Walbrzych, Zamek Ksiaz"]
[Date "2013-04-17"]
[Round "2.19"]
[White "Rudol, Maria"]
[Black "Pedrak, Paulina"]
[Result "0-1"]
[WhiteTitle "II"]
[BlackTitle "I"]
[WhiteElo "1488"]
[BlackElo "1371"]

1. c4 f5 2. Nc3 Nf6 3. g3 g6 4. Bg2 Bg7 5. e3 O-O 6. Nge2 e5 7. O-O c6 8. d4 e4
9. d5 Na6 10. a3 Nc5 11. b4 Nd3 12. Rb1 cxd5 13. Nxd5 Nxd5 14. cxd5 b6 15. Nf4
Nxc1 16. Qxc1 Bb7 17. Qc4 Rc8 18. Qb3 Kh8 19. Rfc1 Qe7 20. Bf1 Be5 21. Bc4 Bxf4
22. exf4 h5 23. Rc3 d6 24. f3 exf3 25. Rxf3 Qe4 26. Rc3 Qd4+ 27. Kf1 b5 28. Rd1
bxc4 29. Rxd4 cxb3 30. Rxb3 Rc2 31. h4 Re8 32. Rdd3 Ba6 33. a4 Bxd3+ 34. Rxd3
Rec8 35. Re3 Rc1+ 36. Kg2 R8c2+ 37. Kf3 Rf1# 0-1

[Event "Ogolnopolska Olimpiada Mlodziezy w Sportach Umyslowych - D14"]
[Site "Walbrzych, Zamek Ksiaz"]
[Date "2013-04-17"]
[Round "2.20"]
[White "Pluta, Natalia"]
[Black "Ziziuk, Martyna"]
[Result "1/2-1/2"]
[WhiteTitle "II"]
[BlackTitle "II"]
[WhiteElo "1475"]
[BlackElo "1361"]

1. c4 e5 2. Nc3 Nf6 3. g3 d5 4. cxd5 Nxd5 5. Bg2 Nb6 6. Nf3 Nc6 7. O-O Be7 8. d3
O-O 9. Be3 Be6 10. Na4 Nd5 11. Bc5 b6 12. Bxe7 Qxe7 13. Qc2 Nd4 14. Nxd4 exd4
15. Qc6 Rad8 16. Rfc1 Qd7 17. b3 Ne7 18. Qxc7 Qxc7 19. Rxc7 Rd7 20. Rac1 Rfd8
21. Nb2 Ng6 22. Be4 Nf8 23. Kg2 Rxc7 24. Rxc7 Rd7 25. Rc8 f5 26. Bf3 Re7 27. Rd8
Rd7 28. Rb8 g5 29. Nc4 g4 30. Bc6 Rc7 31. Ne5 Kg7 32. Rb7 Rxb7 33. Bxb7 Nd7 34.
Nxd7 Bxd7 35. Bd5 Kf6 36. b4 Ke5 37. Bb3 f4 38. Kf1 Bc6 39. Ke1 a5 40. bxa5 bxa5
41. Kd2 a4 42. Bc4 a3 43. Kc2 Ba4+ 44. Bb3 Bc6 45. Kd2 f3 46. exf3 Bxf3 47. Bg8
Bc6 48. Bxh7 Bd5 49. Kc2 Bxa2 50. Be4 Be6 51. f3 gxf3 52. Bxf3 Kf6 53. Bc6 Kg5
54. Bf3 Kf6 55. h4 Kg6 56. g4 Bg8 57. Be4+ Kh6 58. Bc6 Be6 59. Bf3 Bg8 60. Kb1
Kg7 61. Kc1 Kh6 62. Bd1 Kg7 63. Kc2 Be6 64. g5 Kg6 1/2-1/2

[Event "Ogolnopolska Olimpiada Mlodziezy w Sportach Umyslowych - D14"]
[Site "Walbrzych, Zamek Ksiaz"]
[Date "2013-04-17"]
[Round "2.21"]
[White "Robaszkiewicz, Sara"]
[Black "Momot, Weronika"]
[Result "0-1"]
[WhiteTitle "II"]
[BlackTitle "I"]
[WhiteElo "1334"]
[BlackElo "1460"]

1. f4 d5 2. Nf3 c5 3. e3 Nf6 4. b3 a6 5. Bb2 e6 6. Be2 Be7 7. O-O Nc6 8. h3 O-O
9. d3 b6 10. Qe1 Bb7 11. Nbd2 Nb4 12. Bd1 Rc8 13. a3 Nc6 14. Ne5 Nxe5 15. Bxe5
d4 16. Bf3 Bxf3 17. Nxf3 Nd7 18. exd4 f6 19. Bxf6 Rxf6 20. dxc5 Bxc5+ 21. Kh1
Bd6 22. Ra2 Bxf4 23. g3 Bb8 24. b4 Nf8 25. Kg2 Qd5 26. Rb2 Ng6 27. Qe3 Qd6 28.
Qe1 Rcf8 29. Rb1 Qc6 30. Qe2 Qc7 31. Qf2 Rxf3 32. Qxf3 Rxf3 33. Rxf3 Qxc2+ 0-1

[Event "Ogolnopolska Olimpiada Mlodziezy w Sportach Umyslowych - D14"]
[Site "Walbrzych, Zamek Ksiaz"]
[Date "2013-04-17"]
[Round "2.22"]
[White "Sekowska, Helena"]
[Black "Klisz, Karolina"]
[Result "1/2-1/2"]
[WhiteTitle "II+"]
[BlackTitle "II"]
[WhiteElo "1459"]
[BlackElo "1342"]

1. e4 e6 2. d4 d5 3. Nd2 dxe4 4. Nxe4 Bd7 5. Nf3 Bc6 6. Bd3 Nd7 7. Qe2 Ngf6 8.
Ng3 Bd6 9. O-O b6 10. b3 O-O 11. c4 Bb7 12. Bb2 c5 13. Rfe1 Rc8 14. Rad1 cxd4
15. Nxd4 Qc7 16. Nb5 Qc6 17. Ne4 Bb8 18. f3 Ne8 19. Ng5 Nef6 20. Kh1 h6 21. Ne4
Ne8 22. Ba3 Nc5 23. Nxc5 bxc5 24. Be4 Qb6 25. Bxb7 Qxb7 26. Qe3 Qb6 27. Re2 a6
28. Nc3 Qa5 29. Na4 Bd6 30. Red2 Qc7 31. g3 Qc6 32. Kg2 Rc7 33. Nc3 Be7 34. Qe4
Qb6 35. Na4 Qa7 36. Bb2 Nf6 37. Qe3 Qb7 38. Kg1 Nd7 39. Nc3 Bg5 40. f4 Be7 41.
Qe4 Qc8 42. Qe3 Nf6 43. Ne4 Nd7 44. Nd6 Qb8 45. Ne4 Qc8 46. Nd6 1/2-1/2

[Event "Ogolnopolska Olimpiada Mlodziezy w Sportach Umyslowych - D14"]
[Site "Walbrzych, Zamek Ksiaz"]
[Date "2013-04-17"]
[Round "2.23"]
[White "Maciak, Gabriela"]
[Black "Najuch, Natalia"]
[Result "0-1"]
[WhiteTitle "II"]
[BlackTitle "II"]
[WhiteElo "1433"]
[BlackElo "1312"]

1. e4 c5 2. Nf3 e6 3. d4 cxd4 4. Nxd4 a6 5. f4 d6 6. Bd3 Be7 7. Qf3 Nf6 8. Be3
O-O 9. O-O Qc7 10. c4 Nc6 11. Nc3 Rd8 12. Rad1 Nxd4 13. Bxd4 e5 14. fxe5 dxe5
15. Be3 Bg4 16. Qf2 Bxd1 17. Bb6 Qc6 18. Bxd8 Bc5 19. Bxf6 Bxf2+ 20. Rxf2 gxf6
21. Nxd1 Rd8 22. Rf3 b5 23. cxb5 axb5 24. Nc3 Qc5+ 25. Kf1 b4 26. Ne2 Qa5 27.
Rxf6 Rxd3 0-1

[Event "Ogolnopolska Olimpiada Mlodziezy w Sportach Umyslowych - D14"]
[Site "Walbrzych, Zamek Ksiaz"]
[Date "2013-04-17"]
[Round "3.1"]
[White "Dmochowska, Agnieszka"]
[Black "Murawko, Julia"]
[Result "1-0"]
[WhiteTitle "WCM"]
[BlackTitle "I"]
[WhiteElo "1794"]
[BlackElo "1651"]

1. e4 c5 2. c3 d5 3. exd5 Qxd5 4. d4 e6 5. Nf3 Nf6 6. Be2 Be7 7. O-O O-O 8. Na3
a6 9. Nc4 Qd8 10. a4 Nc6 11. dxc5 Qxd1 12. Rxd1 Bxc5 13. b4 Ba7 14. Be3 Bxe3 15.
fxe3 Nd5 16. Rd3 f6 17. g3 Nc7 18. Nb6 Rb8 19. Rad1 e5 20. e4 Be6 21. Nd7 Bxd7
22. Rxd7 Rbc8 23. b5 Nb8 24. Re7 axb5 25. axb5 Rfe8 26. Bc4+ Kh8 27. Rxe8+ Rxe8
28. Rd6 g6 29. Rxf6 Nd7 30. Rf7 Rd8 31. Ng5 1-0

[Event "Ogolnopolska Olimpiada Mlodziezy w Sportach Umyslowych - D14"]
[Site "Walbrzych, Zamek Ksiaz"]
[Date "2013-04-17"]
[Round "3.2"]
[White "Parol, Pola"]
[Black "Marczuk, Anna"]
[Result "1/2-1/2"]
[WhiteTitle "I"]
[BlackTitle "I+"]
[WhiteElo "1638"]
[BlackElo "1749"]

1. e4 c5 2. Nf3 d6 3. d4 cxd4 4. Nxd4 Nf6 5. f3 e5 6. Bb5+ Nbd7 7. Nf5 a6 8. Bxd7+
Qxd7 9. Bg5 Qd8 10. Ne3 Be7 11. c4 O-O 12. O-O Ne8 13. Bxe7 Qxe7 14. Nd5 Qd8 15.
Nbc3 f5 16. Qb3 Kh8 17. Nb6 Rb8 18. Ncd5 Be6 19. a4 Qg5 20. f4 exf4 21. Nxf4 Qf6
22. Nxe6 Qxe6 23. exf5 Rxf5 24. Nd5 Nf6 25. Rxf5 Qxf5 26. Rf1 Qe5 27. Nxf6 gxf6
28. Qf3 Qd4+ 29. Qf2 Qxf2+ 30. Rxf2 Kg7 31. Rd2 Rc8 32. Rxd6 Rxc4 33. Rd7+ Kg6
34. Rxb7 Rxa4 35. Kf2 h5 36. b4 Ra2+ 37. Kf3 Rb2 38. Ra7 Rxb4 39. Rxa6 Rb3+ 40.
Kf2 Rb2+ 41. Kf3 1/2-1/2

[Event "Ogolnopolska Olimpiada Mlodziezy w Sportach Umyslowych - D14"]
[Site "Walbrzych, Zamek Ksiaz"]
[Date "2013-04-17"]
[Round "3.3"]
[White "Antolak, Julia"]
[Black "Karleszko, Karolina"]
[Result "1-0"]
[WhiteTitle "I+"]
[BlackTitle "I"]
[WhiteElo "1747"]
[BlackElo "1622"]

1. e4 c5 2. Nf3 Nc6 3. d4 cxd4 4. Nxd4 Qb6 5. Nb3 Nf6 6. Nc3 e6 7. Be3 Qc7 8. Qd2
Bb4 9. f3 d5 10. a3 Bxc3 11. Qxc3 dxe4 12. fxe4 Qe5 13. Qxe5 Nxe5 14. Bd4 Ned7
15. O-O-O Nxe4 16. Bxg7 Rg8 17. Bd4 b6 18. Bd3 Bb7 19. Rhe1 Ndf6 20. Nd2 Rc8 21.
Nxe4 Nxe4 22. Bxe4 Bxe4 23. Rxe4 Rxg2 24. Rd2 Rxd2 25. Kxd2 Rd8 26. c3 Rd5 27.
Re5 Rd7 28. Ke2 Kf8 29. h4 Re7 30. c4 f6 31. Re4 e5 32. Bc3 Kf7 33. b4 Rc7 34.
a4 a5 35. b5 Ke6 36. Ke3 Rc5 37. Bd4 Rxc4 38. Bxb6 Rc3+ 39. Kd2 Rc8 40. Bxa5 Kd5
41. Rb4 Kd6 42. Rb3 Ra8 43. Bb4+ Kc7 44. a5 Kb7 45. Rd3 Rg8 46. Bc5 Rg4 47. a6+
Kc7 48. b6+ Kc6 49. b7 Rg8 50. Ba7 Rg2+ 51. Kc3 1-0

[Event "Ogolnopolska Olimpiada Mlodziezy w Sportach Umyslowych - D14"]
[Site "Walbrzych, Zamek Ksiaz"]
[Date "2013-04-17"]
[Round "3.4"]
[White "Olechnicka, Karolina"]
[Black "Kozubal, Aleksandra"]
[Result "0-1"]
[WhiteTitle "I"]
[BlackTitle "I"]
[WhiteElo "1665"]
[BlackElo "1477"]

1. e4 c5 2. Nf3 Nc6 3. d4 cxd4 4. Nxd4 Nf6 5. Nc3 e6 6. Bg5 Be7 7. Ndb5 d6 8. f4
a6 9. Nd4 Qb6 10. Nb3 Qc7 11. Qf3 b5 12. g4 Bb7 13. Bxf6 Bxf6 14. g5 Be7 15. h4
b4 16. Nd1 Rc8 17. Ne3 Qb6 18. O-O-O a5 19. f5 a4 20. fxe6 fxe6 21. Nc4 Qc7 22.
Na1 e5 23. Bh3 Rb8 24. Rhf1 Bf8 25. Be6 Nd4 26. Bf7+ Ke7 27. Qg4 Bc8 28. Qg3 Ne2+
0-1